000 00475nam a2200181Ia 4500
001 4536
005 20260306145803.0
008 260306t1961||||xx |||||||||||||| ||spa||
041 _aESP
082 _a324.285
_bC32
100 _aDe las Casas Grieve, Luis F. [1916-1988]
_eAUT
245 0 _aPlan y gobierno:
_bfundamentos de la planificación aprista
260 _c1961
300 _a190 pƔginas :
_c19 cm.
650 _aGEN
654 _aCDE
942 _cLIB
_dJUS
_fJUS
_2ddc
_n
999 _c4536
_d4536